[Event "Portugal Open 2020"]
[Site "Lisbon"]
[Date "2020.01.28"]
[Round "5.32"]
[White "Fernandes, Ricardo Paulos"]
[Black "Napoli, Nicolo"]
[Result "0-1"]
[WhiteElo "2100"]
[BlackElo "2333"]
[Annotator "TA"]
[PlyCount "64"]
[EventDate "2020.01.25"]
[EventType "swiss"]
[EventCountry "POR"]
[SourceTitle "playchess.com"]
[Source "ChessBase"]
[SourceQuality "1"]

{[%evp 15,64,0,7,7,7,-11,-14,-11,-14,-10,-18,-23,-8,-10,-4,-11,0,-16,0,-5,-3,-52,-43,-67,-51,-90,-91,-88,-84,-109,-116,-222,-212,-217,-220,-314,-309,-306,-304,-335,-256,-275,-271,-273,-273,-273,-277,-293,-278,-381,-380]} 1. Nf3 d5 2. b3 Nf6 3. Bb2 g6 4. e3 Bg7 5. c4 O-O 6. Be2 dxc4 7. bxc4 c5 8. O-O Nc6 9. d3 {A30: Symmetrical English: Double Fianchetto and Hedgehog} (9. Ne5 Nxe5 10. Bxe5 Bd7 11. Qc2 Bc6 12. d3 Ne8 13. Bc3 Qd7 14. a4 Nc7 15. Bxg7 Kxg7 16. Qb2+ f6 17. d4 cxd4 18. exd4 {1-0 (69) Zhou,J (2613)-Moiseenko,A (2674) China 2017}) 9... b6 10. a3 Bb7 11. Qc2 {The position is equal.} Qc7 12. Nc3 Rad8 $146 ({Predecessor:} 12... Rfd8 13. Rfd1 Rac8 14. d4 cxd4 15. exd4 Ng4 {0-1 (43) Kozakow,A (1619)-Szustakowski,A (1531) Walbrzych 2013}) 13. Rad1 Qb8 14. h3 Rfe8 15. Rfe1 Na5 16. Nb1 e5 17. e4 Nc6 {[%cal Ba5c6,Bc6d4,Bd4f3][%mdl 32]} 18. Nbd2 Qc8 19. Bf1 Nd7 20. g3 Nf8 21. Bg2 Ne6 22. Nf1 Ncd4 23. Qb1 {[#]} (23. Qc1 $17) 23... Nxf3+ $1 $19 24. Bxf3 Ng5 {[%mdl 64] Double Attack} 25. Nh2 (25. Be2 $142) 25... Nxf3+ ({Don't take} 25... Qxh3 26. Bg2 $19) (25... Nxh3+ 26. Kg2 $19) 26. Nxf3 Qxh3 27. Qc1 Bf6 28. Bc3 Bc8 29. Nh2 Bg7 30. a4 Rd6 31. Qb2 g5 32. Rd2 g4 {Accuracy: White = 35%, Black = 64%.} ({Much less strong is} 32... Rh6 33. f3 $19) 0-1

[Event "Portugal Open 2020"]
[Site "Lisbon"]
[Date "2020.01.28"]
[Round "5.33"]
[White "Saltao, Joao Miguel Ramos"]
[Black "Esquivias Quintero, Luis Manuel"]
[Result "0-1"]
[WhiteElo "1912"]
[BlackElo "2318"]
[Annotator "TA"]
[PlyCount "68"]
[EventDate "2020.01.25"]
[EventType "swiss"]
[EventCountry "POR"]
[SourceTitle "playchess.com"]
[Source "ChessBase"]
[SourceQuality "1"]

{[%evp 9,68,3,15,0,0,3,3,0,0,0,0,-5,-4,-7,-7,-12,-14,-21,-21,-60,-57,-134,-121,-225,-238,-241,-229,-321,-316,-350,-327,-300,-299,-330,-258,-241,-250,-253,-238,-251,-237,-252,-240,-363,-330,-313,0,0,0,-265,-257,-252,-227,-318,-289,-2113,-2125,-2094,-2093,-2093,-1776]} 1. d4 Nf6 2. Nf3 e6 3. Bg5 c5 4. c3 Qb6 5. Qb3 Nc6 6. Qxb6 {A46: 1 d4 Nf6 2 Nf3 e6: Torre, London and Colle Systems} (6. e3 {is interesting.} d5 7. Be2 Be7 8. O-O h6 9. Bh4) (6. e3 d5 7. Nbd2 Nh5 8. Bh4 h6 9. g4 Nf6 10. h3 Bd6 11. Rg1 Bd7 12. Bg3 Bxg3 13. Rxg3 cxd4 14. Qxb6 axb6 15. exd4 {½-½ (31) Wang,C (2514)-Wang,H (2732) China 2016}) 6... axb6 7. e3 d5 8. Nbd2 {The position is equal.} Bd6 9. Bh4 $146 ({Predecessor:} 9. Bd3 e5 10. dxe5 Nxe5 11. Nxe5 Bxe5 12. Nf3 {1-0 (42) Veleski,R (2317)-Tsaknakis,Z (2149) Thessaloniki 2015}) 9... Bd7 10. Bg3 Ke7 11. Bd3 Bxg3 12. hxg3 c4 13. Bc2 b5 {[%cal Bb6b5,Bb5b4][%mdl 32]} 14. e4 b4 15. e5 (15. exd5 $15 exd5 16. O-O) 15... Ne8 $17 16. Rxh7 (16. a3 $17) 16... Rxh7 $19 17. Bxh7 g6 18. Nh4 (18. Ng5 $142) 18... Nc7 19. Bxg6 fxg6 20. Nxg6+ Kf7 21. Nf4 Nb5 22. Ne2 bxc3 23. bxc3 Na3 $1 {[%cal Ra3c2] ...Nc2+ is the strong threat.} 24. O-O-O b5 $1 {[%cal Bb7b5,Bb5b4,Bb4c3][%mdl 32]} 25. Rh1 Kg7 26. Nf4 (26. Nf3 $142 b4 27. Nf4 bxc3 28. Nh5+ Kg6 29. Nf4+ Kf5 30. Rh5+ Ke4 31. Ne2) 26... b4 27. Nh5+ Kg6 $2 ({Black should try} 27... Kf8 $1 $19 28. Nf6 Ra7 29. Rh8+ Ke7 30. Rh7+ Kd8 31. Rh8+ Kc7) 28. Nf4+ $11 Kg7 $2 {[%mdl 8192]} (28... Kf7 $11 29. Nf3 (29. Rh7+ Kg8 $11) 29... Rg8) 29. Nh5+ $19 Kf8 $1 30. Nf6 {Threatens to win with Rh8+.} Ra7 31. Rh7 (31. Rh8+ {might work better.} Ke7 32. Rh7+ Kd8 33. Rh8+ Kc7 34. Rh7 bxc3 35. Rxd7+ Kc8 36. Nxc4 Nxc4 37. Rxa7 Nxa7 38. Ng4) 31... bxc3 {And now ...Nb4 would win.} 32. Nf3 $2 {[#]} ({Wrong is} 32. Nxd7+ $2 Rxd7 $1 {[%mdl 512]} 33. Rh8+ (33. Rxd7 $2 {perishes.} Nb4 $19) 33... Kg7 $19) (32. Nb1 Nxb1 {[%mdl 64] Discovered Attack} 33. Kxb1 (33. Nxd7+ $2 Rxd7 34. Rh8+ Kg7 $19)) 32... Nb4 $1 {Black is clearly winning.} 33. Ng5 Nxa2+ 34. Kd1 Ba4+ {Accuracy: White = 42%, Black = 93%.} 0-1

[Event "Portugal Open 2020"]
[Site "Lisbon"]
[Date "2020.01.28"]
[Round "5.34"]
[White "Chkhaidze, Nikoloz"]
[Black "Ruiz Bellon, Manuel"]
[Result "1-0"]
[WhiteElo "2288"]
[BlackElo "1985"]
[Annotator "TA"]
[PlyCount "63"]
[EventDate "2020.01.25"]
[EventType "swiss"]
[EventCountry "POR"]
[SourceTitle "playchess.com"]
[Source "ChessBase"]
[SourceQuality "1"]

{[%evp 9,63,39,56,45,55,28,35,27,112,48,50,50,52,54,198,177,204,234,233,228,229,227,233,212,249,245,246,233,291,281,382,360,380,393,399,398,385,389,381,379,515,320,333,330,29973,29975,5202,2935,29992,29993,29993,29993,29993,29994,29997,29998]} 1. c4 Nf6 2. g3 d5 3. cxd5 Nxd5 4. Bg2 c6 (4... c5 5. Nc3 Nxc3 6. bxc3 e5 7. Nf3 Nc6 8. O-O Be7 9. d3 O-O 10. Nd2 Be6 11. Nc4 Bd5 12. e4 Be6 13. Ne3 b5 14. f4 f6 15. Nd5 Bd6 16. Be3 Qd7 17. f5 Bxd5 18. exd5 {½-½ (59) Iturrizaga Bonelli,E (2673)-Vishnu,P (2534) Ho Chi Minh City 2017}) 5. Nf3 Nd7 6. O-O {A15: English Opening: 1...Nf6} e5 7. e4 N5f6 8. d4 {White is slightly better.} Qc7 (8... exd4 $11 {keeps the balance.} 9. e5 Nd5) 9. dxe5 $146 (9. Qc2 $16) ({Predecessor:} 9. Nc3 Bb4 10. Qc2 O-O 11. Bg5 exd4 12. Nxd4 {½-½ (27) Castellano,A (1854)-Weinberg,E (1939) Arco 2003}) 9... Nxe5 $14 10. Nxe5 Qxe5 11. Nc3 g5 ({Black should play} 11... Be6 $14) 12. Be3 $18 {And now Bd4 would win.} Be7 13. Bd4 Qe6 14. e5 Nd7 15. f4 gxf4 16. gxf4 Rg8 17. f5 Qh6 18. Qf3 Qh4 19. Ne4 Nb6 {[#]} 20. e6 $1 {[%mdl 512]} Nd5 (20... fxe6 21. f6) 21. f6 Bb4 22. a3 Bxe6 {aiming for ...Bh3.} 23. axb4 Bh3 24. Rf2 Nf4 25. Qxf4 Rxg2+ 26. Kh1 Rg4 $2 (26... Qxf4 $18 27. Rxf4 O-O-O) 27. Qe5+ Kf8 28. Nd6 {Threatening mate with Re1.} Rg5 {[#]} 29. Qe7+ $1 {[%mdl 64] Double Attack. White mates.} Kg8 30. Qxf7+ Kh8 31. Qxb7 {[%mdl 64] Double Attack} Rf8 {[#]} 32. Qg7+ $1 {[%mdl 64] Back Rank, Promotion. Accuracy: White = 89%, Black = 32%.} 1-0

[Event "Portugal Open 2020"]
[Site "Lisbon"]
[Date "2020.01.28"]
[Round "5.35"]
[White "Frois, Antonio"]
[Black "Coelho, Pedro Rodrigo Dias"]
[Result "1-0"]
[WhiteElo "2273"]
[BlackElo "1856"]
[Annotator "TA"]
[PlyCount "93"]
[EventDate "2020.01.25"]
[EventType "swiss"]
[EventCountry "POR"]
[SourceTitle "playchess.com"]
[Source "ChessBase"]
[SourceQuality "1"]

{[%evp 16,92,12,0,35,0,26,12,19,10,22,-3,-4,-55,-41,-64,-42,-47,-42,-37,-28,-37,-35,-33,-25,-59,-41,-54,20,12,75,56,73,75,180,167,290,269,272,270,374,194,410,407,420,412,406,352,382,394,402,408,378,280,655,375,892,409,534,484,1062,1048,1298,1297,1568,1522,29989,29990,29991,29992,29992,29992,29992,29993,29996,29997,29997,29998,29999]} 1. Nf3 d5 2. g3 Nf6 3. Bg2 c6 4. O-O Bg4 5. d3 e6 6. b3 Nbd7 7. Bb2 Be7 8. Nbd2 O-O 9. c4 Rc8 {A12: English Opening: 1...c6 with b3 by White} (9... a5 10. a3 Re8 11. Rc1 Bd6 12. h3 Bh5 13. Rc2 h6 14. Re1 Qe7 15. Qa1 Rad8 16. Nf1 Bg6 17. cxd5 exd5 18. Qc1 Ne5 19. Nxe5 Bxe5 20. Bxe5 Qxe5 {½-½ (66) Kasimdzhanov,R (2683)-Akobian,V (2647) Riadh 2017}) 10. Qc2 (10. h3 $5 {[%cal Rh3g4]} Bh5 11. a3 $11) 10... a6 11. Rac1 $146 ({Predecessor:} 11. Rfe1 b5 12. Rac1 Qa5 13. a3 bxc4 14. bxc4 {1-0 (22) Steczek,M (2390)-Buraczewski,R (2220) Szklarska Poreba 2017}) 11... Re8 {The position is equal.} 12. Rfd1 b5 13. e4 {[#]} e5 $1 {[%mdl 512]} 14. exd5 ({Better is} 14. cxd5 $11 cxd5 15. Qb1) (14. Bxe5 Nxe5) 14... cxd5 $15 15. h3 Bh5 16. Re1 Bd6 17. Nh4 Qb6 18. g4 Bg6 19. Nxg6 hxg6 20. Nf1 Qd8 21. Qe2 Nb6 ({Black should play} 21... bxc4 $15 22. dxc4 d4) 22. Ng3 b4 (22... dxc4 $11 {remains equal.} 23. dxc4 bxc4) 23. g5 $36 {[%mdl 2048] Black is under pressure.} Nfd7 24. h4 f5 (24... e4 $16) 25. cxd5 $18 Kf7 (25... Rxc1 $142 26. Rxc1 a5) 26. Rc6 Rxc6 27. dxc6 Nc5 28. Qf3 (28. h5 $142 {Hoping for hxg6+.} Kg8 29. d4) 28... Kg8 $2 (28... Bc7 {might work better.}) 29. h5 Qxg5 30. hxg6 f4 31. Ne4 Nxe4 32. Qxe4 ({Not} 32. dxe4 Re6 $16) 32... f3 33. Qxf3 {White threatens Qf7+ and mate.} Qxg6 34. Qe4 Qg5 $2 (34... Qxe4 35. Bxe4 Bc7) 35. d4 Qd2 $2 (35... Rf8 36. Bc1 Qf5 37. Qxf5 (37. dxe5 Qxf2+ 38. Kh2 Rf5 $16) 37... Rxf5) 36. Qe2 (36. Bc1 $142 Qc3 37. Rd1) 36... Qf4 37. dxe5 Bc5 (37... Bc7 $142 38. Kf1 Rf8) 38. Qc2 Qf8 39. Rc1 Be7 40. Bd4 Nc8 41. Bd5+ {White mates.} Kh8 42. Qg6 {[%cal Rg6h5]} Qf4 43. Qh5+ Qh6 44. Qxe8+ {[%mdl 64] [#] Double Attack} Kh7 45. Bg8+ Kh8 46. Bf7+ Kh7 47. Qg8# {Accuracy: White = 42%, Black = 11%.} 1-0

[Event "Portugal Open 2020"]
[Site "Lisbon"]
[Date "2020.01.28"]
[Round "5.36"]
[White "Roque, Armando Filipe"]
[Black "Hill, Alistair"]
[Result "0-1"]
[WhiteElo "1960"]
[BlackElo "2217"]
[Annotator "TA"]
[PlyCount "30"]
[EventDate "2020.01.25"]
[EventType "swiss"]
[EventCountry "POR"]

{[%evp 7,7,45]} 1. d4 Nf6 2. c4 g6 3. Nc3 d5 4. Nf3 {Predecessor:} Bg7 $146 5. Qb3 dxc4 6. Qxc4 O-O 7. e4 Nc6 8. Be3 Ng4 9. e5 Nxe3 10. fxe3 Bg4 11. h3 Bxf3 12. gxf3 e6 13. h4 Ne7 14. f4 b5 15. Qc5 Nf5 {1-0 (36) Nepomniachtchi,I (2767)-Vachier Lagrave,M (2780) Jerusalem 2019} 0-1

[Event "Portugal Open 2020"]
[Site "Lisbon"]
[Date "2020.01.28"]
[Round "5.37"]
[White "Graf, Hans Peter"]
[Black "Palozza, Christian"]
[Result "0-1"]
[WhiteElo "1937"]
[BlackElo "2198"]
[Annotator "TA"]
[PlyCount "136"]
[EventDate "2020.01.25"]
[EventType "swiss"]
[EventCountry "POR"]
[SourceTitle "playchess.com"]
[Source "ChessBase"]
[SourceQuality "1"]

{[%evp 20,136,53,53,72,49,74,43,56,55,63,57,61,45,70,71,56,51,43,32,40,5,18,19,19,14,64,0,47,-6,0,10,24,0,0,0,16,0,0,-33,-23,-50,-49,-53,0,-19,0,-60,-42,-44,0,-40,-23,-41,-36,-44,-42,-58,-58,-61,-64,-87,-93,-85,-84,-84,-71,-144,-143,-144,-144,-144,-144,-144,-144,-144,-144,-145,-145,-213,-213,-287,-277,-289,-315,-311,-247,-206,-206,-323,-319,-358,-358,-392,-275,-268,-229,-221,-221,-307,-307,-1190,-1190,-1971,-1966,-2067,-1895,-1248,-417,-404,-355,-1168,-1150,-520,-513,-1095,-1000,-1154,-1147]} 1. e4 c6 2. d4 d5 3. exd5 cxd5 4. Bd3 Nf6 5. Bf4 Nc6 6. c3 g6 7. Nf3 Bg7 8. O-O O-O 9. Nbd2 Bf5 10. Bxf5 gxf5 11. Ne5 Rc8 {B13: Caro-Kann: Exchange Variation and Panov-Botvinnik Attack} (11... e6 12. Nd3 Kh8 13. h3 Rg8 14. Kh1 Ne4 15. f3 Nxd2 16. Qxd2 Ne7 17. g4 Ng6 18. gxf5 Nxf4 19. Qxf4 {½-½ (34) Kovalev,V (2636)-Popov,I (2609) Sochi 2017}) 12. Nb3 e6 13. Re1 Nxe5 $146 {White is slightly better.} ({Predecessor:} 13... b6 14. Qe2 Nxe5 15. Bxe5 Qe7 16. Rad1 Ne4 17. Bxg7 Kxg7 18. Rd3 Rg8 19. f3 Nd6 20. Qe5+ {1-0 (35) Kalisky,V (2270)-Banas,K (2120) Martin 1996}) 14. Bxe5 Ng4 {Threatening ...Bxe5.} 15. Bf4 Qh4 16. Qf3 Kh8 17. Qg3 Qh5 18. f3 Nf6 $1 19. Qg5 Rg8 20. Kf1 (20. Nc5 {seems wilder.} Qxg5 21. Bxg5 Nh5 22. Bc1 Rc7 23. Nd3) 20... Qxg5 21. Bxg5 Nd7 22. Bf4 b5 23. a3 (23. a4 $14 b4 24. cxb4) 23... Bf6 24. Bd6 (24. Re2 $14) 24... Rc6 25. Bb4 Nb6 26. Na5 Rc7 27. Re2 Rgc8 28. Bd6 Rd7 29. Be5 Bxe5 30. Rxe5 Nc4 31. Nxc4 Rxc4 $15 {[%mdl 4096] Endgame KRR-KRR} (31... bxc4 $15 32. Rd1 Rb7) 32. f4 h5 33. h4 (33. Re3 $11) 33... a5 34. Re3 Rdc7 35. Ke2 Kg7 36. Kd2 b4 37. axb4 axb4 38. Ra8 Rb7 {And now ...bxc3+ would win.} 39. Rg3+ Kf6 40. Kc2 bxc3 41. bxc3 Rc6 $1 42. Ra2 Rcb6 $1 43. Rf3 (43. Kd3 $142) 43... Rb1 $17 44. g3 Rg1 {Threatens to win with ...Rg2+.} 45. Kd3 Rb8 46. Ke3 Rg8 47. Kf2 {[#]} Rh1 $1 {[%cal Rh1h2] Strongly threatening ...Rh2+.} 48. Ra3 Rh2+ 49. Kg1 {[#]} (49. Kf1 $17 {was called for.}) 49... Rxh4 $1 $19 50. Kg2 Rhg4 51. Kf2 h4 52. gxh4 Rg2+ 53. Ke3 Rh2 54. Rf2 (54. c4 $142) 54... Rg3+ ({Resist} 54... Rxh4 55. Ra1 $19) 55. Ke2 Rxh4 56. Kd2 Rgg4 57. Ke3 Rh3+ 58. Rf3 Rh2 59. Ra1 Rgg2 {( -> ...Re2+)} 60. Rd1 $2 (60. Rff1) 60... Kg6 61. Kd3 Kh5 62. c4 Kg4 63. Re3 dxc4+ (63... Ra2 $142 {[%cal Ra2a3]} 64. cxd5 Ra3+ 65. Kc4 Rc2+ 66. Kb4 Rxe3 67. dxe6 fxe6) 64. Kxc4 Rc2+ 65. Rc3 $2 (65. Kd3) 65... Rxc3+ {Black is clearly winning.} 66. Kxc3 Kxf4 67. d5 (67. Kd3 $142 Rh3+ 68. Ke2) 67... exd5 68. Rxd5 Re2 {Accuracy: White = 26%, Black = 69%.} 0-1

[Event "Portugal Open 2020"]
[Site "Lisbon"]
[Date "2020.01.28"]
[Round "5.39"]
[White "Stella, Andrea"]
[Black "Rafael, Manuel Maria Arez De"]
[Result "1-0"]
[WhiteElo "2465"]
[BlackElo "1727"]
[Annotator "TA"]
[PlyCount "59"]
[EventDate "2020.01.25"]
[EventType "swiss"]
[EventCountry "POR"]
[SourceTitle "playchess.com"]
[Source "ChessBase"]
[SourceQuality "1"]

{[%evp 14,58,35,25,49,43,86,74,64,69,68,73,95,77,214,125,122,76,117,62,143,89,93,47,166,165,167,167,331,336,249,197,651,662,651,652,649,645,619,634,610,620,596,597,1160,1160,29999]} 1. Nf3 d5 2. c4 c6 3. d4 Nf6 4. Nc3 dxc4 5. a4 Bf5 6. e3 e6 7. Bxc4 Nbd7 8. O-O Qa5 {D18: Slav Defence: 5 a4 Bf5 6 e3} (8... Bb4 9. Qe2 O-O 10. e4 Bg6 11. Bd3 Bh5 12. e5 Nd5 13. Nxd5 cxd5 14. Qe3 Be7 15. Bd2 Nb8 16. Bc3 Nc6 17. Ne1 Qe8 18. Nc2 Bg6 19. f4 Bxd3 20. Qxd3 f5 21. Bd2 a5 22. Rac1 Kh8 23. Ne1 {½-½ (44) Stocek,J (2574)-Mamedov,R (2699) Batumi 2018}) 9. Qe2 Ne4 10. Nxe4 Bxe4 {White is better.} 11. Nd2 Bg6 12. e4 Nb6 $146 ({Predecessor:} 12... O-O-O 13. Nb3 Qh5 14. f3 Bd6 15. g3 Kb8 16. a5 a6 17. Bd2 Rc8 18. Rac1 e5 19. d5 cxd5 20. Bxa6 bxa6 21. Qxa6 {1-0 (21) Hartwich,A-Beijer,B ICCF email 2015}) 13. Bd3 Bb4 (13... Be7 $16) 14. g4 ({Better is} 14. f4 $1 $18) 14... Be7 15. f4 {Threatens to win with f5.} f6 16. Nf3 ({White should play} 16. b4 $16 Qxb4 17. Nf3) 16... O-O (16... Bb4 $14) 17. f5 (17. h4 $142) 17... Bf7 $16 18. g5 exf5 {[#]} (18... Bh5 $1 $14) 19. gxf6 $1 $18 (19. exf5 Rfe8 $14) 19... gxf6 {[#] Threatening ...Kh8.} 20. Nh4 $1 $36 {[%mdl 2048] Strongly threatening Bd2. Keeping Black busy.} (20. exf5 $6 Bd6 $11) (20. Qg2+ $6 Kh8 $11) 20... fxe4 $2 (20... f4 {is a better defense.} 21. Bxf4 (21. Nf5 Bb4 $16) 21... Kh8) 21. Qxe4 {[%csl Gd3][%cal Re4h7]} Qh5 22. Nf5 {Hoping for Nh6+.} Rfe8 $2 (22... Kh8) 23. Nh6+ ({Weaker is} 23. Nxe7+ Rxe7 24. Qxe7 Qg4+ 25. Kf2 Qh4+ 26. Kg2 (26. Kg1 Qg4+ 27. Kf2 Qh4+ 28. Kg2 Qg4+ 29. Kf2 $11) 26... Qg4+ 27. Kf2 Qh4+ 28. Kg2 (28. Kg1 Qg4+ 29. Kf2 $11) 28... Qg4+ 29. Kf2 $11) 23... Kf8 24. Qxh7 {Qh8+ would kill now.} Bd6 {[%csl Gd6][%cal Rh5h2]} 25. Qh8+ {[%mdl 64] Double Attack} ({And not} 25. Qxf7+ Qxf7 26. Nxf7 Kxf7 $11) ({Stronger than} 25. Nxf7 Bxh2+ 26. Kh1 Qxh7 $17) 25... Ke7 {[%csl Gd6][%cal Rh5h2]} 26. Qxf6+ {[%mdl 64] Double Attack} Kd7 {[%csl Gd6][%cal Rh5h2]} 27. Qxf7+ Qxf7 28. Rxf7+ Ke6 29. a5 Nd5 30. Bf5# {Accuracy: White = 59%, Black = 17%.} 1-0

[Event "Portugal Open 2020"]
[Site "Lisbon"]
[Date "2020.01.28"]
[Round "5.40"]
[White "Twardowski, Hubert"]
[Black "Gonzalez Trigal, Jose Luis"]
[Result "1/2-1/2"]
[WhiteElo "1875"]
[BlackElo "2369"]
[Annotator "RC"]
[PlyCount "76"]
[EventDate "2020.01.25"]
[EventType "swiss"]
[EventCountry "POR"]
[SourceTitle "playchess.com"]
[Source "ChessBase"]
[SourceQuality "1"]
[TimeControl "5400+30"]

1. e4 {[%emt 0:01:26]} e5 {[%emt 0:00:00]} 2. Nf3 {[%emt 0:01:45]} Nc6 {[%emt 0:00:00]} 3. Bc4 {[%emt 0:01:41]} Nf6 {[%emt 0:00:00]} 4. d3 {[%emt 0:00:33]} Be7 {[%emt 0:00:12]} 5. O-O {[%emt 0:01:03]} O-O {[%emt 0:00:08]} 6. Re1 {[%emt 0:00:20]} d6 {[%emt 0:00:15]} 7. a4 {[%emt 0:01:26]} Na5 {[%emt 0:00:25]} 8. Ba2 {[%emt 0:00:32]} c5 {[%emt 0:00:10]} 9. Bg5 {[%emt 0:02:34]} h6 {[%emt 0:04:00]} 10. Bxf6 {[%emt 0:03:57]} Bxf6 {[%emt 0:00:07]} 11. Nc3 {[%emt 0:05:55]} g6 {[%emt 0:00:16]} 12. Nd5 {[%emt 0:02:46]} Bg7 {[%emt 0:00:08]} 13. c3 {[%emt 0:00:20]} Nc6 {[%emt 0:01:50]} 14. b4 {[%emt 0:07:07]} b6 {[%emt 0:05:10]} 15. b5 {[%emt 0:11:20]} Na5 {[%emt 0:09:22]} 16. Rb1 {[%emt 0:03:44]} Be6 {[%emt 0:06:26]} 17. Rb2 {[%emt 0:08:30]} Kh8 {[%emt 0:14:49]} 18. Rd2 {[%emt 0:01:18]} f5 {[%emt 0:04:53]} 19. Rc2 {[%emt 0:17:22]} Rb8 {[%emt 0:24:42]} 20. Nf4 {[%emt 0:19:20]} exf4 {[%emt 0:06:14]} 21. Bxe6 {[%emt 0:00:06]} fxe4 {[%emt 0:00:14]} 22. dxe4 {[%emt 0:00:01]} Qe7 {[%emt 0:00:30]} 23. Bd5 {[%emt 0:00:10]} Rbc8 {[%emt 0:03:05]} 24. Qd3 {[%emt 0:02:51]} c4 {[%emt 0:01:07]} 25. Qd1 {[%emt 0:00:36]} Nb3 {[%emt 0:02:55]} 26. Nd4 {[%emt 0:00:31]} Nc5 {[%emt 0:02:02]} 27. Nc6 {[%emt 0:01:11]} Qd7 {[%emt 0:01:30]} 28. Bxc4 {[%emt 0:00:24]} f3 {[%emt 0:02:36]} 29. Re3 {[%emt 0:02:32]} Qg4 {[%emt 0:02:51]} 30. Rxf3 {[%emt 0:01:00]} Qxe4 {[%emt 0:02:51]} 31. Bd5 {[%emt 0:01:08]} Qxa4 {[%emt 0:01:24]} 32. Ne7 {[%emt 0:00:37]} Rxf3 {[%emt 0:00:21]} 33. Bxf3 {[%emt 0:00:54]} Re8 {[%emt 0:00:41]} 34. Nxg6+ {[%emt 0:01:18]} Kh7 {[%emt 0:00:05]} 35. Bh5 {[%emt 0:00:35]} Qxc2 {[%emt 0:03:11]} 36. Nf8+ {[%emt 0:00:12]} Kg8 {[%emt 0:00:12]} 37. Qd5+ {[%emt 0:00:09]} Kh8 {[%emt 0:00:09]} 38. Ng6+ {[%emt 0:00:24]} Qxg6 {[%emt 0:00:23]} 1/2-1/2

[Event "Portugal Open 2020"]
[Site "Lisbon"]
[Date "2020.01.28"]
[Round "5.41"]
[White "Hendrix, Joachim"]
[Black "Santos, Jose Guilherme B Lim"]
[Result "0-1"]
[WhiteElo "1868"]
[BlackElo "2211"]
[Annotator "TA"]
[PlyCount "90"]
[EventDate "2020.01.25"]
[EventType "swiss"]
[EventCountry "POR"]
[SourceTitle "playchess.com"]
[Source "ChessBase"]
[SourceQuality "1"]

{[%evp 16,90,-8,-9,-5,-5,-8,-9,-8,-18,-13,-15,-16,-10,-8,-20,-18,-15,-25,-30,-38,-88,-54,-58,-39,-56,-50,-102,-103,-130,6,-140,-140,-143,3,-11,24,29,32,-3,17,-4,-4,-4,-13,-31,-2,-90,-84,-91,-91,-277,-73,-80,-79,-72,-76,-64,-73,-201,-188,-213,-211,-285,-277,-270,-233,-594,-588,-579,-569,-1625,-1684,-1551,-1485,-1357,-1326]} 1. g3 c5 2. Bg2 Nc6 3. Nf3 Nf6 4. O-O g6 5. d3 Bg7 6. e4 d6 7. c3 O-O 8. Re1 e5 9. a3 Rb8 {A05: Réti Opening: 1 Nf3 Nf6} (9... h6 10. b4 b6 11. b5 Ne7 12. a4 a6 13. Na3 Be6 14. Bb2 Nd7 15. bxa6 Rxa6 16. Nb5 d5 17. exd5 Nxd5 {0-1 (62) Saric,I (2664)-Zherebukh,Y (2636) chess.com INT 2018}) 10. b4 b5 11. h3 a5 {[%cal Ra5b4] The position is equal.} 12. bxc5 dxc5 13. Be3 Qe7 14. Nbd2 $146 ({Predecessor:} 14. d4 cxd4 15. cxd4 Nxe4 16. d5 Nd8 17. Nbd2 {½-½ (42) Halmeenmaeki,T (2405)-Terreaux,G (2346) ICCF email 2012}) 14... Rd8 15. Qc2 Ba6 16. Nb3 Nd7 $1 17. Bf1 a4 18. Nc1 Nb6 19. h4 Rdc8 20. Bh3 Rc7 21. h5 (21. Ne2 $15) 21... b4 $1 $17 ({Much worse is} 21... gxh5 $6 22. Nh4 $11) 22. cxb4 Nd4 ({Black should play} 22... cxb4 $17 {aiming for ...Nd4.} 23. axb4 Nxb4) 23. Nxd4 (23. Qd1 $11 {remains equal.}) 23... cxd4 24. Bg5 {[#]} Qd6 ({Don't play} 24... Rxc2 $6 25. Bxe7 gxh5 26. Bd6 $15) (24... Qd7 $1 $17 25. Bxd7 Rxc2) 25. Qd1 Qf8 26. hxg6 hxg6 27. Kg2 Bh6 28. Qd2 Bxg5 29. Qxg5 Qe7 $36 {[%mdl 2048] Black fights for an advantage.} 30. Qh6 Rc2 31. Rh1 {[#]} (31. Rd1 $11) 31... Qf6 $1 {[%csl Gc2][%cal Rf6f2] [#]} 32. Bf5 $1 {[%mdl 512] White wants to play b5.} Qg7 {White must now prevent ...Qxh6.} (32... gxf5 33. Qxf6) 33. Qxg7+ Kxg7 34. Bg4 Rb7 35. Rd1 Rc3 36. Kf1 Rbc7 37. b5 (37. Ke1 $17 {keeps fighting.}) 37... Bxb5 $19 38. Rb1 R7c5 39. Be2 Rxa3 40. Rd2 Bd7 41. Rxb6 $2 (41. Bd1 {is more resistant.}) 41... Rxc1+ {Black is clearly winning.} 42. Kg2 Raa1 43. Rd6 Rg1+ 44. Kf3 Bh3 45. Rc2 g5 {Accuracy: White = 33%, Black = 57%.} 0-1